| 000 | 00321nam a2200121Ia 4500 | ||
|---|---|---|---|
| 005 | 20250409181305.0 | ||
| 008 | 250409s9999||||xx |||||||||||||| ||und|| | ||
| 100 | _aVINOBA, | ||
| 245 | 4 | _aTHE ESSENCE OF THE CHRISTIAN TEACHINGS | |
| 260 |
_bSARVA SEVA SANGH PRAKASHAN, _aVARANASI: |
||
| 650 | _vChristianity | ||
| 942 | _cBOOK | ||
| 999 |
_c15411 _d15411 |
||